000 00823nmm a2200289 a 4500
003 AR-BaBNM
005 20251128203400.0
008 267019s1939 ||||||||||||||000 | spa||
040 _cAR-BaBNM
100 1 _aCárcano, Ramón J.
_d1860-1946
245 1 0 _aGuerra del Paraguay
_borígenes y causas
260 _aBuenos Aires
_bDomingo Viau
_c1939
300 0 _a503 p.
600 1 4 _aMitre, Bartolomé
_d1821-1906
600 1 4 _aUrquiza, Justo José de
_d1801-1870
650 4 _aGUERRA DEL PARAGUAY
650 4 _aBATALLA DE YATAY
650 4 _aBATALLA DE CURUPAYTI
650 4 _aOCUPACION DE ASUNCION
650 4 _aGUERRA DE LA TRIPLE ALIANZA
650 4 _aHISTORIA POLITICA
650 4 _aHISTORIA SOCIAL
650 4 _aHISTORIA MILITAR
700 1 _aSeoane, Luis
_eilustrador
942 _cBK
998 _cmariana
999 _c3134
_d3134